000 01002nam a2200373 a 4500
003 AR-BaBNM
005 20251128205512.0
008 082120s2002 ||||||||||||||000 | spa||
020 _a950-418-177-9
040 _cAR-BaBNM
100 1 _aLash, Scott
245 0 0 _aSociología del posmodernismo
260 _aBuenos Aires
_bAmorrortu
_c1997
300 _a332 p.
490 0 _aBiblioteca de sociología
500 _aContiene referencias bibliográficas en p. 325
650 4 _aSOCIOLOGIA CULTURAL
650 4 _aSOCIOLOGIA ECONOMICA
650 4 _aSOCIOLOGIA POLITICA
650 4 _aFILOSOFOS
650 4 _aMARXISMO
650 4 _aSIGLO VEINTE
650 4 _aCRITICA DE ARTE
650 4 _aCONFLICTO POLITICO
650 4 _aESTETICA
650 4 _aESTUDIOS CULTURALES
650 4 _aMEDIOS DE COMUNICACION DE MASAS
653 _aMODERNIDAD
653 _aPOSMODERNIDAD
653 _aCRITICA FILOSOFICA
700 1 _aEguía, Martha
_etraductor
942 _cBK
998 _cMARTIN
999 _c11651
_d11651